| 000 | 00711cam a22002531 4500 | ||
|---|---|---|---|
| 001 | 5778 | ||
| 003 | BD-RjUL | ||
| 005 | 20211208234127.0 | ||
| 008 | 140107s1958 enk 001 0 eng | ||
| 035 | _a(BD-RjUL)5817 | ||
| 035 | _a(OCoLC)2128313 | ||
| 040 |
_aDLC _cFJUNF _dUk _dDLC _dBD-RjUL _beng |
||
| 041 | _aeng | ||
| 082 |
_a379.11 _bVAC 1958 |
||
| 100 | 1 |
_aVaizey, John. _918143 |
|
| 245 | 1 | 4 |
_aThe costs of education. _cForeword by R. M. Titmuss. |
| 260 |
_aLondon, _bAllen & Unwin _cc1958 |
||
| 300 |
_a256 p. ; _c22 cm. |
||
| 504 | _aIncludes bibliography and index. | ||
| 650 | 0 |
_aEducation _zGreat Britain _xFinance. _918144 |
|
| 942 |
_2ddc _cBK |
||
| 999 |
_c5778 _d5778 |
||